Idea kozmopolitizmu v situácii globalizácie

Globalizácia a úvahy o kozmopolitizme.

Guardado en:
Detalles Bibliográficos
Autor principal: Márton, Milan
Formato: Capítulo de libro
Lenguaje:eslovaco
Materias:
Etiquetas: Agregar Etiqueta
Sin Etiquetas, Sea el primero en etiquetar este registro!

MARC

LEADER 00000naa a2200000 4500
001 0197025
005 20240502083500.9
041 0 |a slo 
044 |a CZ 
245 1 0 |a Idea kozmopolitizmu v situácii globalizácie  |c Milan Márton 
520 |a Globalizácia a úvahy o kozmopolitizme. 
610 2 0 |a kozmopolitizmus 
610 2 0 |a globalizácia 
610 2 0 |a civilizácia 
610 2 0 |a rozmanitosť kultúrna 
610 2 0 |a vzťahy interkultúrne 
610 2 0 |a štýl životný 
100 1 |a Márton, Milan